Priestorová diferenciácia demografického vývoja v Slovenskej republike v období rokov 1996-2003
Uložené v:
| Hlavný autor: | |
|---|---|
| Médium: | Kapitola |
| Jazyk: | Slovak |
| Tagy: |
Žiadne tagy, Buďte prvý, kto otaguje tento záznam!
|
MARC
| LEADER | 00000naa$a2200000$$$4500 | ||
|---|---|---|---|
| 001 | 0062539 | ||
| 005 | 20240502071715.2 | ||
| 041 | 0 | |a slo | |
| 044 | |a SK | ||
| 245 | 1 | 0 | |a Priestorová diferenciácia demografického vývoja v Slovenskej republike v období rokov 1996-2003 |c Viera Labudová |
| 100 | 1 | |a Labudová, Viera, 1958- | |